Cargando...

Hindi tatha bangal natakon ka tulnatmak adhyayan/

Detalles Bibliográficos
Autor principal: Rama Sengupta
Formato: Printed Book
Publicado: Indor: Kamal Prakashan, 1971.
LEADER 00371nam a22001097a 4500
100 |a Rama Sengupta 
245 |a Hindi tatha bangal natakon ka tulnatmak adhyayan/  |c Rama Sengupta 
260 |a Indor:  |b Kamal Prakashan,  |c 1971. 
300 |a 333p. 
942 |2 ddc  |c BK 
999 |c 245432  |d 245432 
952 |0 0  |1 0  |4 0  |7 0  |9 272364  |a HIN  |b HIN  |c S-25  |d 2012-07-06  |i 2700  |l 0  |p HIN2700  |r 2014-02-07  |w 2014-02-07  |y BK